Internet, columna vertebral de la sociedad de la información / (Record no. 103673)

MARC details
000 -LEADER
campo de control de longitud fija 00981cam a2200325Ia 4500
001 - NÚMERO DE CONTROL
campo de control 48429
005 - FECHA Y HORA DE LA ÚLTIMA TRANSACCIÓN
campo de control 20230410143539.0
008 - DATOS DE LONGITUD FIJA--INFORMACIÓN GENERAL
campo de control de longitud fija 060209s2005 mx 000 0 spa d
035 ## - NÚMERO DE CONTROL DEL SISTEMA
Número de control de sistema (OCoLC)ocm63677402
040 ## - FUENTE DE CATALOGACIÓN
Centro catalogador/agencia de origen DQ$
Lengua de catalogación spa
Centro/agencia transcriptor DQ$
Centro/agencia modificador XVF
020 ## - NÚMERO INTERNACIONAL ESTÁNDAR DEL LIBRO
Número Internacional Estándar del Libro 970701606X
020 ## - NÚMERO INTERNACIONAL ESTÁNDAR DEL LIBRO
Número Internacional Estándar del Libro 9789707016064
035 ## - NÚMERO DE CONTROL DEL SISTEMA
Número de control de sistema (OCoLC)63677402
050 14 - SIGNATURA TOPOGRÁFICA DE LA BIBLIOTECA DEL CONGRESO
Número de clasificación T 58.5
Número de ítem I61 2005
049 ## - FONDOS LOCALES (OCLC)
Biblioteca depositaria GRAL
245 10 - MENCIÓN DEL TÍTULO
Título Internet, columna vertebral de la sociedad de la información /
Mención de responsabilidad, etc. coord. Octavio Islas, Claudia Benassini.
260 ## - PUBLICACIÓN, DISTRIBUCIÓN, ETC.
Lugar de publicación, distribución, etc. México:
Nombre del editor, distribuidor, etc. Miguel Ángel Porrua,
Fecha de publicación, distribución, etc. 2005.
300 ## - DESCRIPCIÓN FÍSICA
Extensión 392 p. ;
Dimensiones 21 cm.
440 #0 - MENCIÓN DE SERIE/PUNTO DE ACCESO ADICIONAL--TÍTULO
Título Conocer para decidir
440 #0 - MENCIÓN DE SERIE/PUNTO DE ACCESO ADICIONAL--TÍTULO
Título Humanidades Tec.
650 04 - PUNTO DE ACCESO ADICIONAL DE MATERIA--TÉRMINO DE MATERIA
Término de materia o nombre geográfico como elemento de entrada Internet
Subdivisión general Aspectos Sociales.
650 04 - PUNTO DE ACCESO ADICIONAL DE MATERIA--TÉRMINO DE MATERIA
Término de materia o nombre geográfico como elemento de entrada Sociedad de la información.
650 04 - PUNTO DE ACCESO ADICIONAL DE MATERIA--TÉRMINO DE MATERIA
Término de materia o nombre geográfico como elemento de entrada Computadoras y civilización.
700 1# - ENTRADA AGREGADA--NOMBRE PERSONAL
Nombre de persona Islas, Octavio,
Término indicativo de función/relación coord.
700 1# - ENTRADA AGREGADA--NOMBRE PERSONAL
Nombre de persona Benassini, Claudia,
Término indicativo de función/relación coord.
830 #0 - PUNTO DE ACCESO ADICIONAL DE SERIE-TÍTULO UNIFORME
Título uniforme Humanidades Tec.
942 ## - ELEMENTOS DE ENTRADA SECUNDARIOS (KOHA)
Fuente del sistema de clasificación o colocación Clasificación de Library of Congress
Tipo de ítem Koha
994 ## -
-- C0
-- DRFGD
946 ## - PROCESAMIENTO DE INFORMACIÓN LOCAL (OCLC)
a csexposito
Holdings
Estatus retirado Estado de pérdida Fuente del sistema de clasificación o colocación Estado de daño No para préstamo Colección Biblioteca de origen Biblioteca actual Ubicación en estantería Fecha de adquisición Signatura topográfica completa Código de barras Visto por última vez Copia número Tipo de ítem Koha
    Clasificación de Library of Congress     Colección de Tecnología Biblioteca Juan Bosch Biblioteca Juan Bosch Humanidades (4to. Piso) 10/04/2023 T 58.5 I61 2005 00000049006 21/01/2019 1